Normal view
MARC view
- تأليف هاندلي، جين وروبرت / م.مشارك يولين نيف ؛ ترجمة سهير محفوظ
Entry Personal Name
001 - CONTROL NUMBER
- control field: 39899
003 - CONTROL NUMBER IDENTIFIER
- control field: JO-AjAnu
005 - DATE AND TIME OF LATEST TRANSACTION
- control field: 20230606080630.0
008 - FIXED-LENGTH DATA ELEMENTS
- fixed length control field: 230606|| aca||aabn | a|a d
040 ## - CATALOGING SOURCE
- Original cataloging agency: JO-AjAnu
- Transcribing agency: JO-AjAnu
100 ## - HEADING--PERSONAL NAME
- Personal name: تأليف هاندلي، جين وروبرت / م.مشارك يولين نيف ؛ ترجمة سهير محفوظ
670 ## - SOURCE DATA FOUND
- Source citation: Work cat.: (JO-AjAnu)20457: تأليف هاندلي، جين وروبرت / م.مشارك يولين نيف ؛ ترجمة سهير محفوظ, author, كيف تتخلصين من القلق = Why women worry and how to stop